Postavení a úloha tripartitní skupiny pro otázky mzdové a príjmové politiky v procesu liberalizace mezd.
Nutnosť radikálneho obmedzenia zásahov štátu do oblasti podnikania. Vytváranie priaznivej klímy pre uplatnenie stimulačnej funkcie mzdy. Tvorba tripartitnej skupiny pre otázky mzdovej a príjmovej politiky, jej činnosť a koncepčné zámery.
Guardado en:
| Autor principal: | |
|---|---|
| Formato: | Capítulo de libro |
| Lenguaje: | checo |
| Materias: | |
| Etiquetas: |
Sin Etiquetas, Sea el primero en etiquetar este registro!
|
MARC
| LEADER | 00000naa a2200000 4500 | ||
|---|---|---|---|
| 001 | r004890 | ||
| 005 | 20221125081026.9 | ||
| 041 | 0 | |a cze | |
| 044 | |a [CS] | ||
| 245 | 1 | 0 | |a Postavení a úloha tripartitní skupiny pro otázky mzdové a príjmové politiky v procesu liberalizace mezd. |c J. Hajný |
| 520 | |a Nutnosť radikálneho obmedzenia zásahov štátu do oblasti podnikania. Vytváranie priaznivej klímy pre uplatnenie stimulačnej funkcie mzdy. Tvorba tripartitnej skupiny pre otázky mzdovej a príjmovej politiky, jej činnosť a koncepčné zámery. | ||
| 610 | 2 | 0 | |a štát-podnik |
| 610 | 2 | 0 | |a podnikanie |
| 610 | 2 | 0 | |a stimulovanie hmotné |
| 610 | 2 | 0 | |a mzdy |
| 610 | 2 | 0 | |a koncepcie |
| 610 | 2 | 0 | |a politika mzdová |
| 610 | 2 | 0 | |a funkcie mzdy |
| 610 | 2 | 0 | |a odbory |
| 610 | 2 | 0 | |a liberalizácia |
| 100 | 1 | |a Hajný, J. | |